Регионална библиотека "Любен Каравелов" - Русе

Монолози (Запис номер 472113)

MARC детайли
000 -Лидер
Контролно поле с фиксирана дължина 01211nam a2200301 a 4500
003 - Код на организацията, давaща контролен номер
Контролно поле BLK
005 - Дата и час на последна редакция
Контролно поле 20250527160814.0
008 - Елементи от данни с фиксирана дължина
fixed length control field 220831b bu |||||r|||| 00| | bu d
020 ## - Международен стандартен номер на книга ISBN
Международен стандартен номер на книга ISBN 9786190210764
040 ## - Източник на каталожния запис
Идентификатор на билиотеката - собственик на записа BLK
041 ## - Код за език
Код за езика на текст/звукозапис или на отделно заглавие Български
Код за езика КДБФ Български
080 ## - УДК
Текстов определител УДК Българска литература
УДК код - определител по УДК 821.163.2
УДК определител -32
УДК - код + определител 821.163.2-32
100 ## - Редна дума - Автор
R(LIN) 1299
Автор Касимова-Моасе, Мария Хиндова
Авторска отговорност първи автор
139 ## - Редно поле
Редна дума Касимова-Моасе, Мария Хиндова
245 ## - Сведения за заглавието
Заглавие Монолози
Подзаглавни данни Сборник с изповеди
Редно поле (дума) Мария Касимова-Моасе; ред. Татяна Джокова.
257 ## - Страна на издаване
Страна на създаване/издаване България
260 ## - Област на издателските данни
9 (RLIN) 209486
Място на издаване, разпространение и проч. София
Име на издателя, разпространителя и проч. Колибри
Година на издаване 2022
Издателство - префикс ISBN 978-619-02- ; 978-619-150- ; 978-954-150- ; 978-954-529-
300 ## - Физическа характеристика
Страници 136 с.
Размери/Мащаб 20 см
380 ## - Жанр
Жанр Худож. лит.
500 ## - Общи забележки
Забележка Биогр. данни за авт. отбелязани на гърба на кор.
700 1# - Други автори (авторска отговорност)
9 (RLIN) 60944
Лично име Джокова, Татяна
Автороска отговорност (Описва отношението между автора и произведението) ред.
852 ## - Местоположение
Систематично-азбучна сигнатура 821.163.2-32/ К 45
Фондова буква Заемна - подръчен фонд
852 ## - Местоположение
Форматна сигнатура Цб 315139
Фондова буква Хранилище
856 ## - Електронен адрес и достъп
Инструкция (цена за достъп) 0.00
Права за достъп disable
999 ## - СИСТЕМНИ КОНТРОЛНИ НОМЕРА
Koha biblionumber 472113
Koha biblioitemnumber 472113
942 ## - АРТИКУЛИ
Вид на библиотечния материал Книги
Скрит в OPAC Не
Периодичен библиозапис Да
Koha issues (borrowed), all copies 33
944 ## - СЪЗДАВАНЕ И РЕДАКЦИЯ на ЗАПИСА
Създаване/Редакция Създаване
Дата на регистрацията/редакция 2022-12-14
Служител, извършил регистрацията/редакцията 30531
Статус, дата на статуса Цветелина Шанова
999 ## - СИСТЕМНИ КОНТРОЛНИ НОМЕРА
Koha biblioitemnumber 472113
Наличности
Код за отписване Код за изгубен артикул Източник на класификационната схема Код за повреда Коз за рестрикции Код за отдаване Артикулен № Име на библиотеката - собственик Име на библиотеката, в която се намира в момента Статус (Текущо местоположение) Дата на вписване в системата Местоположение - отдел Цена в лева Систематично азбучна сигнатура Баркод Цена в евро Служебен тип на артикула
  Не е изгубен Universal Decimal Classification Не е повреден без рестрикции заемане за дома 902627 Регионална библиотека "Любен Каравелов" Русе Регионална библиотека "Любен Каравелов" Русе Заемна - подръчен фонд 2022-09-01 Заемна - подръчен фонд 15.00 821.163.2-32/К 45 М 120000875360 7.67 Книги
  Не е изгубен Universal Decimal Classification Не е повреден без рестрикции заемане за дома 902628 Регионална библиотека "Любен Каравелов" Русе Регионална библиотека "Любен Каравелов" Русе Заемна - подръчен фонд 2022-09-01 Заемна - подръчен фонд 15.00 821.163.2-32/К 45 М 120000875361 7.67 Книги
  Не е изгубен Universal Decimal Classification Не е повреден без рестрикции заемане за дома 906442 Регионална библиотека "Любен Каравелов" Русе Регионална библиотека "Любен Каравелов" Русе Заемна - подръчен фонд 2022-10-05 Заемна - подръчен фонд 15.00 821.163.2-32/К 45 М 120000877917 7.67 Книги
  Не е изгубен Universal Decimal Classification Не е повреден само за читалня ползва се в читалня 919842 Регионална библиотека "Любен Каравелов" Русе Регионална библиотека "Любен Каравелов" Русе Хранилище 2022-12-15 Хранилище 15.00 Цб 315139 120000879694 7.67 Книги
Vip Innovations Ltd, Rousse, Bulgaria 2025